Tratamiento quimioterápico de las infecciones tifico-paratíficas y disentería bacilar (Record no. 117298)
[ view plain ]
| 000 -LEADER | |
|---|---|
| campo de control de longitud fija | 00758nam a2200193 4500 |
| 001 - NÚMERO DE CONTROL | |
| campo de control | 117298 |
| 003 - IDENTIFICADOR DE NÚMERO DE CONTROL | |
| campo de control | ES-MaACL |
| 005 - FECHA Y HORA DE LA ÚLTIMA TRANSACCIÓN | |
| campo de control | 20250808063524.0 |
| 007 - CAMPO FIJO DE DESCRIPCIÓN FÍSICA--INFORMACIÓN GENERAL | |
| campo de control de longitud fija | t| |
| 008 - DATOS DE LONGITUD FIJA--INFORMACIÓN GENERAL | |
| campo de control de longitud fija | 071121q1944 sp r ||||1| spa d |
| 100 1# - ENTRADA PRINCIPAL--NOMBRE DE PERSONA | |
| Nombre de persona | Peña Yáñez, Julián |
| 9 (RLIN) | 90295 |
| 245 10 - MENCIÓN DEL TÍTULO | |
| Título | Tratamiento quimioterápico de las infecciones tifico-paratíficas y disentería bacilar |
| Resto del título | : 1ª comunicación : estudios `in vitro` / |
| Mención de responsabilidad, etc. | por Julián Peña Yáñez. |
| 260 ## - PUBLICACIÓN, DISTRIBUCIÓN, ETC. | |
| Lugar de publicación, distribución, etc. | [s.l.] : |
| Nombre del editor, distribuidor, etc. | [s.n.], |
| Fecha de publicación, distribución, etc. | [1944?] |
| 300 ## - DESCRIPCIÓN FÍSICA | |
| Extensión | 14 h. ; |
| Dimensiones | 24 cm. |
| 500 ## - NOTA GENERAL | |
| Nota general | Es separata de Trabajos del Instituto Nacional de Ciencias Médicas, tomos III, 1944. |
| 710 2# - ENTRADA AGREGADA--NOMBRE DE ENTIDAD CORPORATIVA | |
| Nombre de entidad corporativa o nombre de jurisdicción como elemento de entrada | Instituto Nacional de Ciencias Médicas (España) |
| 9 (RLIN) | 5146 |
| 852 ## - LOCALIZACIÓN | |
| Ubicación | ES-MaACL |
| Número de control de estantería | 1908-F-8 |
| Sublocalización o colección | R.29181 |
| Estatus retirado | Estado de pérdida | Estado de daño | No para préstamo | Colección | Biblioteca de origen | Biblioteca actual | Ubicación en estantería | Fecha de adquisición | Fuente de adquisición | Total de préstamos | Signatura topográfica completa | Código de barras | Visto por última vez | Precio de reemplazo | Tipo de ítem Koha |
|---|---|---|---|---|---|---|---|---|---|---|---|---|---|---|---|
| Colección de folletos | Biblioteca del Ateneo de Madrid | Biblioteca del Ateneo de Madrid | Depósito folletos | 17/01/2008 | 1908-F-8 | 1122297 | 23/02/2023 | 23/02/2023 | Folleto |
